00550nam a2200181Ia 4500008004100000020001800041082000800059100002600067245005900093250000600152260004200158300001600200500002400216650001400240942000700254952009000261999001700351230524s9999 xx 000 0 und d a9781107476417 bAGA aShikha Agarwal942201 0aEngineering Chemistry : Fundamentals and Applications. a1 aNew DelhibCambridge Universityc2015 a"XV,1165p;" aQuantity Number: 1 aChemistry cBK 00104070aTATCLbTATCLcGENd2023-05-24l0o AGAp53951r2023-05-24w2023-05-24yBK c56550d56550